<?xml version="1.0" encoding="UTF-8"?>
<record
    xmlns:xsi="http://www.w3.org/2001/XMLSchema-instance"
    xsi:schemaLocation="http://www.loc.gov/MARC21/slim http://www.loc.gov/standards/marcxml/schema/MARC21slim.xsd"
    xmlns="http://www.loc.gov/MARC21/slim">

  <leader>02104nam a2200337 a 4500</leader>
  <controlfield tag="001">BRCA_3446</controlfield>
  <controlfield tag="005">20190320204303.0</controlfield>
  <datafield tag="041" ind1=" " ind2=" ">
    <subfield code="a">por</subfield>
  </datafield>
  <datafield tag="044" ind1=" " ind2=" ">
    <subfield code="a">po</subfield>
  </datafield>
  <datafield tag="084" ind1=" " ind2=" ">
    <subfield code="a">735</subfield>
    <subfield code="b">.S55</subfield>
    <subfield code="c">1877</subfield>
  </datafield>
  <datafield tag="100" ind1="1" ind2=" ">
    <subfield code="a">Cervantes Saavedra, Miguel de</subfield>
    <subfield code="d">1547-1616</subfield>
    <subfield code="9">213</subfield>
  </datafield>
  <datafield tag="245" ind1="1" ind2="0">
    <subfield code="a">O Engenhoso Fidalgo D. Quichote de la Mancha</subfield>
    <subfield code="c">por Miguel de Cervantes Saavedra ; Traduc&#xC7;&#xE1;o do Visconde de Benalcanfor.</subfield>
  </datafield>
  <datafield tag="260" ind1=" " ind2=" ">
    <subfield code="a">Lisboa</subfield>
    <subfield code="b">Francisco Arthur da Silva</subfield>
    <subfield code="c">1877-78</subfield>
  </datafield>
  <datafield tag="300" ind1=" " ind2=" ">
    <subfield code="a">2 v.</subfield>
    <subfield code="b">il.</subfield>
    <subfield code="c">23 cm.</subfield>
  </datafield>
  <datafield tag="500" ind1=" " ind2=" ">
    <subfield code="a">Contenido : v.1. Primera parte. Retrato de Cervantes. Escudo de la edici&#xF3;n pr&#xED;ncipe. Dedicatoria del autor. Advertencia del editor. Versos preliminares. Vida de Cervantes por Aribau, traducida al portugu&#xE9;s. Pr&#xF3;logo del autor. 1877. -- v.2. Segunda parte. Dedicatoria y pr&#xF3;logo del autor. Notas finales sobre Avellaneda y libros de caballer&#xED;a. 1878</subfield>
  </datafield>
  <datafield tag="500" ind1=" " ind2=" ">
    <subfield code="a">Edici&#xF3;n : Ornada con 31 gravuras auxiliado para mais facil interpreta&#xC7;&#xE1;o, comprohendendo a intercalada no texto por Luis Breton y Vedra. Desenhos de Manuel de Macedo gravuras de Jos&#xE9; Severini</subfield>
  </datafield>
  <datafield tag="500" ind1=" " ind2=" ">
    <subfield code="a">Buena traducci&#xF3;n de Benalcanfor y Breton y Vedra. Conserva el escudo de la edici&#xF3;n pr&#xED;ncipe con el mote: Post tenebras spero lucem,  que los traductores atribuyen a Cervantes. Va precedida de una Vida de Cervantes, traducida de la que escribi&#xF3; Aribau, y prove&#xED;da de notas. Los dibujos son obra de Macedo. La impresi&#xF3;n es muy buena. Semipiel; lomeras adornadas con dorados L&#xFA;dovik Osterc</subfield>
  </datafield>
  <datafield tag="500" ind1=" " ind2=" ">
    <subfield code="a">Incluye &#xED;ndice : De ilustraciones</subfield>
  </datafield>
  <datafield tag="500" ind1=" " ind2=" ">
    <subfield code="a">QM576</subfield>
  </datafield>
  <datafield tag="546" ind1=" " ind2=" ">
    <subfield code="a">Texto en : portugu&#xE9;s</subfield>
  </datafield>
  <datafield tag="650" ind1="1" ind2="4">
    <subfield code="a">Novela espa&#xF1;ola</subfield>
    <subfield code="y">&#xC9;poca cl&#xE1;sica, 1500-1700</subfield>
    <subfield code="9">215</subfield>
  </datafield>
  <datafield tag="650" ind1="1" ind2="4">
    <subfield code="a">Literatura espa&#xF1;ola</subfield>
    <subfield code="y">&#xC9;poca cl&#xE1;sica, 1500-1700</subfield>
    <subfield code="9">216</subfield>
  </datafield>
  <datafield tag="650" ind1="1" ind2="4">
    <subfield code="a">Novela espa&#xF1;ola</subfield>
    <subfield code="y">Siglo XVII</subfield>
    <subfield code="9">217</subfield>
  </datafield>
  <datafield tag="650" ind1="1" ind2="4">
    <subfield code="a">Don Quijote (Personaje ficticio)</subfield>
    <subfield code="e">Novela</subfield>
    <subfield code="9">218</subfield>
  </datafield>
  <datafield tag="700" ind1="1" ind2=" ">
    <subfield code="a">Breton y Vedra, Luis</subfield>
    <subfield code="d">1833-?</subfield>
    <subfield code="e">Editor</subfield>
    <subfield code="9">9015</subfield>
  </datafield>
  <datafield tag="700" ind1="1" ind2=" ">
    <subfield code="a">Macedo, Manuel de</subfield>
    <subfield code="d">1839-1915</subfield>
    <subfield code="e">Ilustrador</subfield>
    <subfield code="9">9016</subfield>
  </datafield>
  <datafield tag="700" ind1="1" ind2=" ">
    <subfield code="a">Severini, Jos&#xE9;</subfield>
    <subfield code="d">1852-1882</subfield>
    <subfield code="e">Grabador</subfield>
    <subfield code="9">9017</subfield>
  </datafield>
  <datafield tag="740" ind1="0" ind2=" ">
    <subfield code="a">El Ingenioso Hidalgo Don Quijote de la Mancha</subfield>
  </datafield>
  <datafield tag="902" ind1=" " ind2=" ">
    <subfield code="a">QFM</subfield>
  </datafield>
  <datafield tag="942" ind1=" " ind2=" ">
    <subfield code="2">lcc</subfield>
    <subfield code="c">B</subfield>
  </datafield>
  <datafield tag="999" ind1=" " ind2=" ">
    <subfield code="c">3182</subfield>
    <subfield code="d">3182</subfield>
  </datafield>
  <datafield tag="952" ind1=" " ind2=" ">
    <subfield code="0">0</subfield>
    <subfield code="1">0</subfield>
    <subfield code="4">0</subfield>
    <subfield code="7">0</subfield>
    <subfield code="a">BRCA</subfield>
    <subfield code="b">BRCA</subfield>
    <subfield code="d">2009-04-14</subfield>
    <subfield code="i">QM576</subfield>
    <subfield code="l">0</subfield>
    <subfield code="o">735 .S55 1877 (QM576)</subfield>
    <subfield code="p">3443</subfield>
    <subfield code="r">2019-03-22 00:00:00</subfield>
    <subfield code="w">2019-03-22</subfield>
    <subfield code="y">B</subfield>
  </datafield>
</record>
